Rapport sur les travaux de la conférence d'experts gouvernementaux pour l'étude des conventions protégeant les victimes de la guerre: Genéve, 14 - 26 avril 1947

Zapisane w:
Opis bibliograficzny
Korporacja: Comité Internacional de la Cruz Roja (Autor)
Format: Książka
Język:hiszpański
Wydane: Ginebra Comité Internacional de la Cruz Roja 1947
Hasła przedmiotowe:
Etykiety: Dodaj etykietę
Nie ma etykietki, Dołącz pierwszą etykiete!

MARC

LEADER 00000nam a2200000 a 4500
001 UCT9550
003 CL-VaPUC
008 970404e19470000SZ |||||||||||||||||spa|d
082 0 4 |a 341.6  |b COM  |2 21 
110 2 |a Comité Internacional de la Cruz Roja  |e author  |9 382366 
245 1 0 |a Rapport sur les travaux de la conférence d'experts gouvernementaux pour l'étude des conventions protégeant les victimes de la guerre: Genéve, 14 - 26 avril 1947 
300 |a 355 p 
942 |c BK 
945 |d 19970404 00:00:00  |a lriquelm 
260 |a Ginebra  |b Comité Internacional de la Cruz Roja  |c 1947 
650 7 |a CONVENCION DE GINEBRA  |2 CL-VaPUC  |9 382301 
650 0 |a Guerra  |9 255876 
650 0 |a Prisioneros de guerra  |9 350908 
650 7 |a DERECHOS DE LOS PRISIONEROS DE GUERRA  |2 CL-VaPUC  |9 382367 
650 7 |a POBLACION CIVIL  |2 CL-VaPUC  |9 382328 
583 |a last modification  |c 20131003 02:09:35  |k Rodrigo Vera 
999 |c 257939  |d 257937 
952 |0 0  |1 0  |4 0  |6 341_600000000000000_COM_1947  |7 0  |8 A  |9 281664  |a BIBDER  |b BIBDER  |d 2019-11-19  |i 1825194  |o 341.6 COM 1947  |p 1825194  |r 2023-01-25  |w 2019-11-19  |y BK  |k DER